Quizzes
Events
Quiz Creation
Community
Videos
Private Events
Remove Ads
Sign In
Join for FREE
Feedback
Dark Mode
Quiz Categories
Sports
Geography
Music
Movies
Television
Just For Fun
Miscellaneous
History
Literature
Language
Science
Gaming
Entertainment
Religion
Holiday
For Kids
Quiz Lab
Recent
Popular Today
Quiz Kudos Today
Editor Picks
Curator Picks
Quizzes by...
Day
Popularity
Type
Ratings
Length
Year
Community
Subscriptions
Recent Discussions
Orange Saloon
Badges
Playlists
Quests
Create
Leaderboards
Showdown
Live 5
Trivia Bingo
Activity
Puzzle Library
Sporcle Events
Private Events
Virtual Trivia
Globe League
Become a Host
Pub Owners
SporcleCon
Opinionation
Our Games
Videos
Blog
Mobile Apps
Partnerships
Remove Ads and Go Orange
Feedback
Sports
Athletes
MLB
NBA
NHL
NFL
Soccer
Sports Teams
WWE
NCAA
Football
Premier League
Basketball
Baseball
Hockey
Golf
Tennis
Cricket
Rugby
Auto Racing
Olympics
World Cup
Sports
Athletes
MLB
NBA
NHL
NFL
Soccer
Sports Teams
WWE
NCAA
Football
Premier League
Basketball
Baseball
Hockey
Golf
Tennis
Cricket
Rugby
Auto Racing
Olympics
World Cup
Random Quiz
Search Sporcle
×
Quiz Lab
Quiz Lab
Sports
race
Type in answers that appear in a list
Type in answers that appear in a list
Classic
Best Score? Go Orange.
125cc race winners 2000-2009 Stats
Can you name the 125cc race winners 2000-2009?
By
Bleu
10m
162 Questions
202 Plays
202 Plays
202 Plays
Comments
Comments
Give Quiz Kudos
Give Quiz Kudos
-
- Ratings
hide this ad
Replay
Link that replays current quiz
Next Quiz
Link to next quiz in quiz playlist
You Got
0%
They Got
Avg Score
77%
Avg Friend Score
Upgrade to see
Score Distribution
Jump to the score distribution portion of the page
Score
0/162
Timer
10:00
0
Plays Today
Race
Winner
% Correct
Assen 2002
Dani Pedrosa
93.6%
Motegi 2002
Dani Pedrosa
93.6%
Valencia 2002
Dani Pedrosa
93.6%
Phakisa 2003
Dani Pedrosa
93.6%
Le Mans 2003
Dani Pedrosa
93.6%
Catalunya 2003
Dani Pedrosa
93.6%
Brno 2003
Dani Pedrosa
93.6%
Sepang 2003
Dani Pedrosa
93.6%
Donington 2005
Julián Simón
93.6%
Le Mans 2009
Julián Simón
93.6%
Sachsenring 2009
Julián Simón
93.6%
Donington 2009
Julián Simón
93.6%
Misano 2009
Julián Simón
93.6%
Phillip Island 2009
Julián Simón
93.6%
Sepang 2009
Julián Simón
93.6%
Valencia 2009
Julián Simón
93.6%
Phakisa 2004
Andrea Dovizioso
93.1%
Le Mans 2004
Andrea Dovizioso
93.1%
Donington 2004
Andrea Dovizioso
93.1%
Motegi 2004
Andrea Dovizioso
93.1%
Phillip Island 2004
Andrea Dovizioso
93.1%
Rio de Janeiro 2003
Jorge Lorenzo
92.1%
Assen 2004
Jorge Lorenzo
92.1%
Brno 2004
Jorge Lorenzo
92.1%
Losail 2004
Jorge Lorenzo
92.1%
Jerez 2004
Marco Simoncelli
91.1%
Jerez 2005
Marco Simoncelli
91.1%
Jerez 2006
Álvaro Bautista
91.1%
Losail 2006
Álvaro Bautista
91.1%
Catalunya 2006
Álvaro Bautista
91.1%
Donington 2006
Álvaro Bautista
91.1%
Brno 2006
Álvaro Bautista
91.1%
Sepang 2006
Álvaro Bautista
91.1%
Phillip Island 2006
Álvaro Bautista
91.1%
Estoril 2006
Álvaro Bautista
91.1%
Valencia 2003
Casey Stoner
87.6%
Sepang 2004
Casey Stoner
87.6%
Mugello 2005
Gábor Talmácsi
87.1%
Assen 2005
Gábor Talmácsi
87.1%
Losail 2005
Gábor Talmácsi
87.1%
Jerez 2007
Gábor Talmácsi
87.1%
Sachsenring 2007
Gábor Talmácsi
87.1%
Sepang 2007
Gábor Talmácsi
87.1%
Assen 2008
Gábor Talmácsi
87.1%
Misano 2008
Gábor Talmácsi
87.1%
Sepang 2008
Gábor Talmácsi
87.1%
Donington 2003
Héctor Barberá
86.1%
Motegi 2003
Héctor Barberá
86.1%
Catalunya 2004
Héctor Barberá
86.1%
Rio de Janeiro 2004
Héctor Barberá
86.1%
Estoril 2004
Héctor Barberá
86.1%
Valencia 2004
Héctor Barberá
86.1%
Le Mans 2001
Manuel Poggiali
85.6%
Estoril 2001
Manuel Poggiali
85.6%
Race
Winner
% Correct
Valencia 2001
Manuel Poggiali
85.6%
Phakisa 2002
Manuel Poggiali
85.6%
Mugello 2002
Manuel Poggiali
85.6%
Catalunya 2002
Manuel Poggiali
85.6%
Phillip Island 2002
Manuel Poggiali
85.6%
Le Mans 2005
Thomas Lüthi
84.7%
Brno 2005
Thomas Lüthi
84.7%
Sepang 2005
Thomas Lüthi
84.7%
Phillip Island 2005
Thomas Lüthi
84.7%
Le Mans 2006
Thomas Lüthi
84.7%
Assen 2001
Toni Elías
83.7%
Brno 2001
Toni Elías
83.7%
Istanbul 2005
Mike di Meglio
82.7%
Le Mans 2008
Mike di Meglio
82.7%
Catalunya 2008
Mike di Meglio
82.7%
Sachsenring 2008
Mike di Meglio
82.7%
Phillip Island 2008
Mike di Meglio
82.7%
Indianapolis 2009
Pol Espargaró
80.7%
Estoril 2009
Pol Espargaró
80.7%
Indianapolis 2008
Nicolás Terol
80.2%
Brno 2009
Nicolás Terol
80.2%
Suzuka 2000
Youichi Ui
77.2%
Le Mans 2000
Youichi Ui
77.2%
Assen 2000
Youichi Ui
77.2%
Donington 2000
Youichi Ui
77.2%
Sachsenring 2000
Youichi Ui
77.2%
Phakisa 2001
Youichi Ui
77.2%
Donington 2001
Youichi Ui
77.2%
Motegi 2001
Youichi Ui
77.2%
Phillip Island 2001
Youichi Ui
77.2%
Sepang 2001
Youichi Ui
77.2%
Rio de Janeiro 2001
Youichi Ui
77.2%
Estoril 2005
Mika Kallio
76.7%
Sachsenring 2005
Mika Kallio
76.7%
Motegi 2005
Mika Kallio
76.7%
Valencia 2005
Mika Kallio
76.7%
Shanghai 2006
Mika Kallio
76.7%
Assen 2006
Mika Kallio
76.7%
Motegi 2006
Mika Kallio
76.7%
Sepang 2000
Roberto Locatelli
76.2%
Mugello 2000
Roberto Locatelli
76.2%
Brno 2000
Roberto Locatelli
76.2%
Valencia 2000
Roberto Locatelli
76.2%
Motegi 2000
Roberto Locatelli
76.2%
Mugello 2004
Roberto Locatelli
76.2%
Sachsenring 2004
Roberto Locatelli
76.2%
Jerez 2009
Bradley Smith
75.7%
Mugello 2009
Bradley Smith
75.7%
Istanbul 2006
Héctor Faubel
75.2%
Valencia 2006
Héctor Faubel
75.2%
Losail 2007
Héctor Faubel
75.2%
Mugello 2007
Héctor Faubel
75.2%
Brno 2007
Héctor Faubel
75.2%
Estoril 2007
Héctor Faubel
75.2%
Race
Winner
% Correct
Valencia 2007
Héctor Faubel
75.2%
Shanghai 2008
Andrea Iannone
75.2%
Losail 2009
Andrea Iannone
75.2%
Motegi 2009
Andrea Iannone
75.2%
Catalunya 2009
Andrea Iannone
75.2%
Le Mans 2007
Sergio Gadea
71.3%
Losail 2008
Sergio Gadea
71.3%
Assen 2009
Sergio Gadea
71.3%
Phakisa 2000
Arnaud Vincent
70.8%
Suzuka 2002
Arnaud Vincent
70.8%
Donington 2002
Arnaud Vincent
70.8%
Sachsenring 2002
Arnaud Vincent
70.8%
Estoril 2002
Arnaud Vincent
70.8%
Sepang 2002
Arnaud Vincent
70.8%
Shanghai 2005
Mattia Pasini
70.3%
Catalunya 2005
Mattia Pasini
70.3%
Mugello 2006
Mattia Pasini
70.3%
Sachsenring 2006
Mattia Pasini
70.3%
Donington 2007
Mattia Pasini
70.3%
Assen 2007
Mattia Pasini
70.3%
Misano 2007
Mattia Pasini
70.3%
Motegi 2007
Mattia Pasini
70.3%
Donington 2008
Scott Redding
69.8%
Istanbul 2007
Simone Corsi
66.3%
Jerez 2008
Simone Corsi
66.3%
Estoril 2008
Simone Corsi
66.3%
Mugello 2008
Simone Corsi
66.3%
Brno 2008
Stefan Bradl
66.3%
Motegi 2008
Stefan Bradl
66.3%
Valencia 2008
Simone Corsi
66.3%
Estoril 2003
Pablo Nieto
63.9%
Jerez 2000
Emilio Alzamora
57.4%
Estoril 2000
Emilio Alzamora
57.4%
Assen 2003
Steve Jenkner
55.9%
Catalunya 2001
Lucio Cecchinello
55.4%
Jerez 2002
Lucio Cecchinello
55.4%
Le Mans 2002
Lucio Cecchinello
55.4%
Brno 2002
Lucio Cecchinello
55.4%
Jerez 2003
Lucio Cecchinello
55.4%
Mugello 2003
Lucio Cecchinello
55.4%
Mugello 2001
Noboru Ueda
54.5%
Shanghai 2007
Lukáš Pešek
52%
Phillip Island 2007
Lukáš Pešek
52%
Phillip Island 2000
Masao Azuma
46.5%
Suzuka 2001
Masao Azuma
46.5%
Jerez 2001
Masao Azuma
46.5%
Rio de Janeiro 2002
Masao Azuma
46.5%
Catalunya 2007
Tomoyoshi Koyama
46.5%
Catalunya 2000
Simone Sanna
45%
Rio de Janeiro 2000
Simone Sanna
45%
Sachsenring 2001
Simone Sanna
45%
Suzuka 2003
Stefano Perugini
43.6%
Sachsenring 2003
Stefano Perugini
43.6%
Phillip Island 2003
Andrea Ballerini
41.1%
Quiz Playlist
Details
Report
Send in Message
Add To Playlist
Classic:
Type in answers that appear in a list
Last Updated: Feb 16, 2017
Quiz Scoreboard
CHALLENGE
Sign Up to Join the Scoreboard
Show All
Scores
Hide
Comments
May contain spoilers
Recently Published
1-10 Letter E Words III
by El_Dandy
Language
2m
One Thing in Common: World Cities II
by knightlancer
Geography
7m
Popular People in 1961
by mucciniale
History
6m
More to Explore
Quiz From the Vault
Featured Blog Post
Where Did the Easter Bunny Come From?
hide this ad
You Might Also Like...
Tags
2000s
race
Winner
Today's Top Quizzes in Sports
Browse Sports
hide this ad
Today's Top Quizzes in race
Browse race
Top Contributed Quizzes in Sports
1
Les meilleurs buteurs des matchs entre le PSG et l’OM
2
Les entraîneurs de l'OM et du PSG au 21e siècle
3
2022 World Cup Stars
4
FIFA Club World Cup Champions
5
Name the Premier League winners with different clubs
6
La finale Lions - Afrique du Sud 2021
7
Criteria MLB: Left Handed Sluggers
8
Players with Multiple 50 Home Run Seasons
9
MLB Players with Two .350 Batting Average Seasons
10
MLB Hall of Famer by Rings
Explore More
Trending Topics
Kpop
Crossword
Marvel
Harry Potter
NBA
Disney
Anime
The Office
Puzzle
NFL
WWE
Country
Pokémon
Soccer
Song
hide this ad
More By:
Bleu
Quiz
Plays
Rating
Category
Featured
Created
F1 Champion logic puzzle
15,171
2.85
Sports
Mar 18, 2013
Weakest link: 2020 F1 drivers
8,640
4.13
Sports
Jan 30, 2020
F1 circuit logic puzzle
7,618
3.50
Sports
Feb 16, 2015
If US Presidency was a lifetime job
5,705
3.65
History
Apr 13, 2016
1000-game Europeans in NHL
3,667
4.00
Sports
Oct 8, 2009
Go to Creator's Profile
Score Distribution
Quiz Creator Spotlight
Bleu
Follow
Send a Message
Quizzes Created
-
Created Quiz Play Count
-
More By This Creator
Popular Quizzes Today
1
Find the US States - No Outlines Minefield
2
Find the Countries of Europe - No Outlines Minefield
3
The Countries of the World
4
Popular People in 1961
5
1-10 Letter E Words III
6
Find the US States
7
One Thing in Common: World Cities II
8
US States
More Sports Quizzes
Reveal the Athlete: NBA
Editor's Pick
Trending Quizzes
Risky Map Clicking: Least Populous States A-Z
1-10 Letter F Words
1-10 Letter G Words
One Thing in Common: United Kingdom
Risky Map Clicking: Biggest States A-Z
Recently Updated
Leaping Animals
pecheneg
Reality TV Shows (A-Z)
bhenderson79
Rickey Henderson's Hall of Fame Teammates
pecheneg
Champions League XIs: Arsenal
pecheneg
Quick Pick: Celebrities in WWE's Hall of Fame
aduchscher
A-Z Keypad Blitz II
pecheneg
Multiple Oscar Actors
pecheneg
Mystery Phrase Blitz: Oscar 'Best Actors'
pecheneg
F. Scott Fitzgerald Novels
LTH
Pick 3 Villains
ddd62291
Trending Topics
Crossword
NBA
Anime
Harry Potter
Disney
Marvel
Kpop
WWE
Song
Soccer
Country
Puzzle
Pokémon
The Office
NFL
Your Account Isn't Verified!
In order to create a playlist on Sporcle, you need to verify the email address you used during registration. Go to your
Sporcle Settings
to finish the process.
Report this User
Report this user for behavior that violates our
Community Guidelines
.
Details:
Send Report
Go to the Sporcle.com Mobile Site →
Comments